|
|
|
|
| LEADER |
01581nam a22003257a 4500 |
| 001 |
33880 |
| 003 |
BD-DhAAL |
| 005 |
20220621105824.0 |
| 008 |
181022t2014 bg ||||| b||| 001 0 eng d |
| 999 |
|
|
|c 40107
|d 40107
|
| 020 |
|
|
|a 9789845061445
|
| 040 |
|
|
|a BD-DhAAL
|
| 082 |
|
|
|2 23
|a 954.04
|
| 100 |
|
|
|a Kabir, Ananya Jahanara
|9 28552
|
| 245 |
|
|
|a Partition's post-amnesias /
|c Ananya Jahanara Kabir
|
| 250 |
|
|
|a Bangladesh edition 2014
|
| 260 |
|
|
|a Dhaka :
|b University Press Ltd, Ban,
|c 2014
|
| 300 |
|
|
|a xiv, 261 pages ;
|c 21 cm.
|
| 504 |
|
|
|a Includes bibliographical references (pages [237]-254) and index.
|
| 526 |
|
|
|a ENH, GenEd
|
| 541 |
|
|
|a Development Book Agency, Karim International
|e 33880, 33881, 38960
|
| 600 |
|
|
|a Kabir, Ananya Jahanara,
|d 1970-
|9 28553
|
| 650 |
|
|
|a English language
|9 43037
|
| 651 |
|
|
|a India
|x History
|y Partition, 1947
|9 28554
|
| 651 |
|
|
|a Bangladesh
|x History
|y Revolution, 1971
|9 28555
|
| 852 |
|
|
|a Ayesha Abed Library
|c General Stacks
|
| 942 |
|
|
|2 ddc
|c BK
|
| 952 |
|
|
|0 0
|1 0
|2 ddc
|4 0
|6 954_040000000000000_KAB
|7 0
|9 64494
|a BRACUL
|b BRACUL
|c GEN
|d 2018-10-16
|e Development Book Agency
|g 446.00
|l 0
|o 954.04 KAB
|p 3010033881
|r 2018-10-16
|t 2
|v 446.00
|w 2018-10-16
|y BK
|
| 952 |
|
|
|0 0
|1 0
|2 ddc
|4 0
|6 954_040000000000000_KAB
|7 0
|9 64495
|a BRACUL
|b BRACUL
|c GEN
|d 2018-10-16
|e Development Book Agency
|g 446.00
|l 0
|o 954.04 KAB
|p 3010033880
|r 2018-10-16
|t 1
|v 446.00
|w 2018-10-16
|y BK
|
| 952 |
|
|
|0 0
|1 0
|2 ddc
|4 0
|6 954_040000000000000_KAB
|7 0
|9 71027
|a SCL
|b SCL
|c GEN
|d 2022-06-18
|e Karim International
|g 540.00
|l 2
|m 3
|o 954.04 KAB
|p 3020038960
|r 2023-07-08
|s 2023-06-20
|t 3
|v 540.00
|w 2022-06-18
|y BK
|